Paroles Gims - Sois pas timide - Statistiques

Statistiques générales
  • Ce quiz a été pris 930 fois
  • Le résultat moyen est 263 sur 362
Statistiques - réponses
Paroles % Correct
J'
99%
à
97%
A
97%
le
96%
timide
93%
tu
91%
Tu
91%
vu
91%
pas
90%
sur
90%
Sur
90%
la
89%
ta
89%
te
88%
de
86%
fais
86%
periph
84%
dans
83%
Dans
83%
je
82%
Je
82%
bolide
78%
chiffres
78%
six
78%
ca
77%
faisais
77%
sortir
77%
sourir
77%
J'ai
75%
j'ai
75%
m'as
75%
n'es
75%
t'ai
74%
ton
74%
d'un
72%
pour
72%
coté
70%
donc
70%
moi
70%
sais
70%
vue
70%
Mon
68%
mon
68%
fond
67%
garder
67%
près
67%
bébé
64%
J'arrive
64%
Attention
63%
téma
62%
j'fais
61%
sourire
61%
charisme
60%
remonter
59%
beaucoup
58%
des
58%
story
58%
j'suis
57%
J'suis
57%
que
57%
T'es
57%
tes
57%
risque
56%
dix
55%
d'ennemis
54%
vitre
54%
zone
54%
VIP
53%
j'vais
51%
m'connais
49%
mes
47%
mets
46%
blacklisté
44%
capitale
43%
Capitale
43%
cotés
41%
oasis
40%
aride
39%
poétique
39%
cette
38%
dire
38%
plus
38%
facon
37%
l'eternité
37%
vais
36%
d'une
35%
on
34%
alors
31%
s'eclipse
27%
Bérize
21%
Aucun quiz correspondant
Distribution des résultats
% des personnes avec chaque résultat
Percentile par nombre de réponses
Votre historique - résultats
Vous n’avez pas pris ce quiz